Effective Digital Marketing Strategy (Record no. 94180)

MARC details
000 -LEADER
fixed length control field 00543nam a2200193Ia 4500
005 - DATE AND TIME OF LATEST TRANSACTION
control field 20230228145130.0
008 - FIXED-LENGTH DATA ELEMENTS--GENERAL INFORMATION
fixed length control field 230125s9999 xx 000 0 und d
041 ## - LANGUAGE CODE
Language code of text/sound track or separate title eng
082 ## - DEWEY DECIMAL CLASSIFICATION NUMBER
Classification number 658.8
Item number BHI
100 ## - MAIN ENTRY--PERSONAL NAME
Author Bhide S
245 ## - TITLE STATEMENT
Title Effective Digital Marketing Strategy
260 ## - PUBLICATION, DISTRIBUTION, ETC.
Date of publication, distribution, etc. 2016
Name of publisher, distributor, etc. Eha Management Consultancy
Place of publication, distribution, etc. Pune
300 ## - PHYSICAL DESCRIPTION
Extent 65p
500 ## - GENERAL NOTE
Keywords Digital Marketing;Marketing Management
650 ## - SUBJECT ADDED ENTRY--TOPICAL TERM
Topical term or geographic name entry element Digital Marketing;Marketing Management
700 ## - ADDED ENTRY--PERSONAL NAME
Personal name Bhide S
942 ## - ADDED ENTRY ELEMENTS (KOHA)
Koha item type Books
Holdings
Withdrawn status Lost status Damaged status Not for loan Home library Current library Date acquired Vendor Net Price Bill number Total Checkouts Full call number Barcode Date last seen Actual Price Bill Date Koha item type Original Barcode
        Smt. Hiraben Nanavati Institute of Management & Research for Women Smt. Hiraben Nanavati Institute of Management & Research for Women 13/04/2016 Eha Management Consultancy 250.00 1   658.8 BHI B14257 HIMR-BK-14257 25/01/2023 250.00 06/04/2016 Books B14257